[Event "FIN-chT 1819"]
[Site "Finland"]
[Date "2018.12.09"]
[Round "6.3"]
[White "Myller, Janne"]
[Black "Kokkila, Tero"]
[Result "1/2-1/2"]
[WhiteElo "2208"]
[BlackElo "2226"]
[PlyCount "118"]
[EventDate "2018.09.15"]
[EventType "team-tourn"]
[EventRounds "11"]
[EventCountry "FIN"]
[SourceTitle "CBM 187 Extra"]
[Source "ChessBase"]
[SourceDate "2018.11.04"]
[SourceVersion "1"]
[SourceVersionDate "2018.11.04"]
[SourceQuality "1"]
[WhiteTeam "Joensuu SK"]
[BlackTeam "Vantaa EtVaS"]
[WhiteTeamCountry "FIN"]
[BlackTeamCountry "FIN"]

1. d4 Nf6 2. c4 e6 3. Nc3 Bb4 4. Qc2 0-0 5. Nf3 d5 6. cxd5 exd5 7. Bf4 Ne4 8. e3 c5 9. Bd3 Bf5 10. dxc5 Nd7 11. Nd4 Bg6 12. f3 Nxc3 13. bxc3 Bxd3 14. Qxd3 Nxc5 15. Qc2 Ba5 16. 0-0 Rc8 17. Rab1 Qd7 18. Rb5 b6 19. Qf5 Rfd8 20. Qxd7 Rxd7 21. Ne2 a6 22. Rbb1 f6 23. Rfd1 Kf7 24. Bg3 Na4 25. Rd3 b5 26. Be1 Nb6 27. Rbd1 Rc4 28. e4 Ra4 29. R1d2 Nc4 30. Rc2 Nb6 31. Rcd2 g5 32. exd5 Nc4 33. Rc2 Nb6 34. Rcd2 Nc4 35. Rc2 Nb6 36. Rcd2 b4 37. cxb4 Bxb4 38. Nc3 Bxc3 39. Rxc3 Rxd5 40. Rb2 Nc4 41. Rbc2 Rd4 42. Kf1 Nd6 43. Ke2 Rd5 44. Rd3 Re5+ 45. Kf2 Nb5 46. Bd2 Nd4 47. Rb2 Nb5 48. Bb4 Ke6 49. g4 f5 50. gxf5+ Kxf5 51. Rd8 Kg6 52. Kg3 Rf5 53. Rd7 a5 54. Bd2 Ra3 55. Kg2 h5 56. Be1 h4 57. h3 a4 58. Rd8 Re3 59. Rd1 Kh5 1/2-1/2

[Event "FIN-chT 1819"]
[Site "Finland"]
[Date "2018.09.15"]
[Round "1.5"]
[White "Myller, Janne"]
[Black "Ahvenjarvi, Jani"]
[Result "1-0"]
[WhiteElo "2208"]
[BlackElo "2329"]
[PlyCount "77"]
[EventDate "2018.09.15"]
[EventType "team-tourn"]
[EventRounds "11"]
[EventCountry "FIN"]
[SourceTitle "CBM 186 Extra"]
[Source "ChessBase"]
[SourceDate "2018.08.24"]
[SourceVersion "1"]
[SourceVersionDate "2018.08.24"]
[SourceQuality "1"]
[WhiteTeam "Joensuu SK"]
[BlackTeam "Tampere Tammer"]
[WhiteTeamCountry "FIN"]
[BlackTeamCountry "FIN"]

1. e4 c5 2. Nc3 Nc6 3. g3 g6 4. Bg2 Bg7 5. d3 e6 6. Nge2 Nge7 7. Bg5 h6 8. Be3 Nd4 9. Qd2 0-0 10. Nd1 Kh7 11. c3 Nxe2 12. Qxe2 b6 13. f4 d5 14. e5 Bb7 15. 0-0 Qd7 16. d4 a5 17. Qf2 Ba6 18. Re1 cxd4 19. Bxd4 b5 20. b4 Nc6 21. Bc5 Rfe8 22. Ne3 f6 23. exf6 Bxf6 24. Rac1 Qg7 25. Qd2 h5 26. a3 Bb7 27. Qd3 Ba6 28. Kh1 Rad8 29. g4 d4 30. cxd4 Nxd4 31. gxh5 Nf5 32. Qe2 axb4 33. axb4 Nxe3 34. hxg6+ Qxg6 35. Qxe3 Rd7 36. Be4 Bb7 37. Qh3+ Kg8 38. Bxb7 Rxb7 39. Rg1 1-0

[Event "FIN-chT1B 1617"]
[Site "Finland"]
[Date "2017.02.04"]
[Round "6.5"]
[White "Tolonen, Mikko"]
[Black "Myller, Janne"]
[Result "1/2-1/2"]
[WhiteElo "2090"]
[BlackElo "2188"]
[PlyCount "26"]
[EventDate "2016.09.17"]
[EventType "team-tourn"]
[EventRounds "7"]
[EventCountry "FIN"]
[SourceTitle "EXT 2019"]
[Source "ChessBase"]
[SourceDate "2018.10.10"]
[SourceVersion "1"]
[SourceVersionDate "2018.10.10"]
[SourceQuality "1"]
[WhiteTeam "Espoo MatSK II"]
[BlackTeam "Joensuu SK"]
[WhiteTeamCountry "FIN"]
[BlackTeamCountry "FIN"]

1. e4 c5 2. c3 d5 3. exd5 Qxd5 4. d4 e6 5. Nf3 Nf6 6. Bd3 Nc6 7. 0-0 Be7 8. a3 0-0 9. c4 Qh5 10. Be2 Rd8 11. Ne5 Qh4 12. Nf3 Qh5 13. Ne5 Qh4 1/2-1/2

[Event "FIN-chT1B 1617"]
[Site "Finland"]
[Date "2017.01.14"]
[Round "5.5"]
[White "Myller, Janne"]
[Black "Tiihonen, Ilpo"]
[Result "1-0"]
[WhiteElo "2188"]
[BlackElo "1935"]
[PlyCount "41"]
[EventDate "2016.09.17"]
[EventType "team-tourn"]
[EventRounds "7"]
[EventCountry "FIN"]
[SourceTitle "EXT 2019"]
[Source "ChessBase"]
[SourceDate "2018.10.10"]
[SourceVersion "1"]
[SourceVersionDate "2018.10.10"]
[SourceQuality "1"]
[WhiteTeam "Joensuu SK"]
[BlackTeam "Helsinki KSK"]
[WhiteTeamCountry "FIN"]
[BlackTeamCountry "FIN"]

1. d4 d5 2. c4 c6 3. Nf3 e6 4. Qc2 Nf6 5. g3 Nbd7 6. Bg2 Bd6 7. 0-0 0-0 8. Nc3 Re8 9. Rd1 Qc7 10. c5 Be7 11. Bf4 Qd8 12. b4 Nh5 13. Be3 f5 14. Ne5 Nxe5 15. dxe5 g5 16. g4 fxg4 17. Be4 Rf8 18. Bxh7+ Kh8 19. Qg6 Nf6 20. exf6 Rxf6 21. Bd4 1-0

[Event "FIN-chT1B 1617"]
[Site "Finland"]
[Date "2016.10.08"]
[Round "3.4"]
[White "Myller, Janne"]
[Black "Nippula, Timo"]
[Result "1-0"]
[WhiteElo "2188"]
[BlackElo "2221"]
[PlyCount "59"]
[EventDate "2016.09.17"]
[EventType "team-tourn"]
[EventRounds "7"]
[EventCountry "FIN"]
[SourceTitle "EXT 2019"]
[Source "ChessBase"]
[SourceDate "2018.10.10"]
[SourceVersion "1"]
[SourceVersionDate "2018.10.10"]
[SourceQuality "1"]
[WhiteTeam "Joensuu SK"]
[BlackTeam "Kotka KymS"]
[WhiteTeamCountry "FIN"]
[BlackTeamCountry "FIN"]

1. d4 Nf6 2. c4 c5 3. d5 b5 4. cxb5 a6 5. f3 g6 6. e4 d6 7. a4 Bg7 8. Na3 0-0 9. Ne2 Nh5 10. g4 Nf6 11. g5 Nfd7 12. Ng3 axb5 13. Bxb5 Nb6 14. Qc2 e6 15. dxe6 fxe6 16. 0-0 N8d7 17. Be3 Ne5 18. Kg2 Ba6 19. Rad1 Bxb5 20. Nxb5 Nec4 21. Bc1 d5 22. b3 Ne5 23. Qxc5 Rc8 24. Qe3 Rc2+ 25. Kh1 Rxf3 26. Rxf3 Ng4 27. Qf4 Qc8 28. Qxg4 Rxc1 29. Rxc1 Qxc1+ 30. Rf1 1-0

[Event "FIN-chT1B 1516"]
[Site "Finland"]
[Date "2016.02.07"]
[Round "7.2"]
[White "Haapasalo, Jukka Pekka"]
[Black "Myller, Janne"]
[Result "0-1"]
[WhiteElo "2081"]
[BlackElo "2147"]
[PlyCount "72"]
[EventDate "2015.09.12"]
[EventType "team-tourn"]
[EventRounds "8"]
[EventCountry "FIN"]
[SourceTitle "EXT 2017"]
[Source "ChessBase"]
[SourceDate "2016.10.25"]
[SourceVersion "1"]
[SourceVersionDate "2016.10.25"]
[SourceQuality "1"]
[WhiteTeam "Helsinki KSK"]
[BlackTeam "Joensuu SK"]
[WhiteTeamCountry "FIN"]
[BlackTeamCountry "FIN"]

1. Nf3 g6 2. g3 Bg7 3. d4 Nf6 4. c4 0-0 5. Bg2 d6 6. 0-0 Nc6 7. d5 Na5 8. Nfd2 c5 9. Qc2 a6 10. Nc3 b5 11. cxb5 axb5 12. Nxb5 Qb6 13. Nc3 Bf5 14. e4 Bc8 15. Rb1 Ba6 16. Re1 Ng4 17. Nf3 Nc4 18. h3 Nge5 19. Nh2 Qa5 20. Bf1 Rfb8 21. Kg2 Na3 22. bxa3 Rxb1 23. Qxb1 Qxc3 24. Re3 Qa5 25. Rb3 Bxf1+ 26. Nxf1 h6 27. Rb8+ Kh7 28. Rxa8 Qxa8 29. f4 Nc4 30. Qd3 Nb2 31. Qb3 c4 32. Qc2 c3 33. Qb3 Qa6 34. Be3 Qe2+ 35. Kg1 Nd1 36. Ba7 c2 0-1

[Event "FIN-chT1B 1516"]
[Site "Finland"]
[Date "2016.02.06"]
[Round "6.2"]
[White "Lehti, Juhani"]
[Black "Myller, Janne"]
[Result "1/2-1/2"]
[WhiteElo "2205"]
[BlackElo "2147"]
[PlyCount "55"]
[EventDate "2015.09.12"]
[EventType "team-tourn"]
[EventRounds "8"]
[EventCountry "FIN"]
[SourceTitle "EXT 2017"]
[Source "ChessBase"]
[SourceDate "2016.10.25"]
[SourceVersion "1"]
[SourceVersionDate "2016.10.25"]
[SourceQuality "1"]
[WhiteTeam "Helsinki SSK"]
[BlackTeam "Joensuu SK"]
[WhiteTeamCountry "FIN"]
[BlackTeamCountry "FIN"]

1. e4 c5 2. Nf3 e6 3. Be2 Nc6 4. 0-0 Nf6 5. Nc3 d5 6. exd5 Nxd5 7. Nxd5 Qxd5 8. b3 Be7 9. Bb2 0-0 10. Re1 b6 11. Bd3 Bb7 12. Be4 Qd7 13. d3 Rad8 14. Ne5 Nxe5 15. Bxe5 Bxe4 16. Rxe4 f6 17. Bb2 Bd6 18. Qf3 e5 19. Rae1 Rf7 20. a4 Bf8 21. Qe2 Qf5 22. Qg4 Qxg4 23. Rxg4 Bd6 24. Rge4 Kf8 25. f3 Rfd7 26. g4 Kf7 27. Kg2 Rh8 28. h3 1/2-1/2

[Event "FIN-chT1B 1516"]
[Site "Finland"]
[Date "2015.10.11"]
[Round "4.2"]
[White "Myller, Janne"]
[Black "Chernyak, Viktoria"]
[Result "1-0"]
[WhiteElo "2147"]
[BlackElo "2188"]
[PlyCount "95"]
[EventDate "2015.09.12"]
[EventType "team-tourn"]
[EventRounds "8"]
[EventCountry "FIN"]
[SourceTitle "EXT 2017"]
[Source "ChessBase"]
[SourceDate "2016.10.25"]
[SourceVersion "1"]
[SourceVersionDate "2016.10.25"]
[SourceQuality "1"]
[WhiteTeam "Joensuu SK"]
[BlackTeam "Mikkeli SK"]
[WhiteTeamCountry "FIN"]
[BlackTeamCountry "FIN"]

1. d4 Nf6 2. Nf3 g6 3. c4 Bg7 4. Nc3 d6 5. e4 0-0 6. Be2 Na6 7. Nd2 e5 8. d5 Ne8 9. 0-0 f5 10. exf5 gxf5 11. f4 e4 12. Nb3 Qe7 13. Be3 Nf6 14. h3 Kh8 15. Nd4 Bd7 16. Rb1 c5 17. dxc6 bxc6 18. Qd2 Rab8 19. Rfd1 Ne8 20. a3 Nac7 21. b4 Ne6 22. Nb3 Qf6 23. Rbc1 a6 24. Na5 Rg8 25. g3 Bf8 26. Kh2 Qg6 27. Rg1 Nf6 28. Rg2 Be7 29. Rh1 Rg7 30. g4 fxg4 31. hxg4 Rbg8 32. g5 Qf5 33. Kg1 d5 34. cxd5 cxd5 35. Nb3 Bd6 36. Rh4 Bc6 37. Nd4 Nxd4 38. Bxd4 Be7 39. Bg4 Nxg4 40. Rgxg4 Rd8 41. Nd1 Kg8 42. Bxg7 Kxg7 43. Qd4+ Kg8 44. Ne3 Qd7 45. Rg2 Rf8 46. Ng4 Rc8 47. Nh6+ Kf8 48. Qh8# 1-0

[Event "FIN-chT 1314"]
[Site "Finland"]
[Date "2013.10.13"]
[Round "4.6"]
[White "Prieur, Eetu"]
[Black "Myller, Janne"]
[Result "1-0"]
[WhiteElo "2165"]
[BlackElo "2151"]
[PlyCount "93"]
[EventDate "2013.09.21"]
[EventType "team-tourn"]
[EventRounds "11"]
[EventCountry "FIN"]
[SourceTitle "EXT 2014"]
[Source "ChessBase"]
[SourceDate "2013.11.20"]
[SourceVersion "1"]
[SourceVersionDate "2013.11.20"]
[SourceQuality "1"]
[WhiteTeam "Helsinki Aatos"]
[BlackTeam "Joensuu SK"]
[WhiteTeamCountry "FIN"]
[BlackTeamCountry "FIN"]

1. e4 e5 2. Nf3 Nc6 3. Bb5 Nf6 4. Nc3 Bd6 5. d4 exd4 6. Nxd4 Nxd4 7. Qxd4 Qe7 8. 0-0 c6 9. Bc4 0-0 10. Re1 Re8 11. h3 Bc5 12. Qd1 Bxf2+ 13. Kxf2 Qc5+ 14. Kg3 Qxc4 15. e5 Qe6 16. Bf4 Nd5 17. Qd4 Qg6+ 18. Kh2 Nxf4 19. Qxf4 d5 20. exd6 Be6 21. Re2 b6 22. Rd1 Red8 23. Red2 Rd7 24. b3 Rad8 25. Qg3 Qxg3+ 26. Kxg3 f6 27. Na4 Bf7 28. Kf4 Be6 29. c4 c5 30. Nc3 Kf7 31. Nb5 Kf8 32. h4 h5 33. Rd3 Bg4 34. R1d2 Re8 35. Nc7 Re1 36. Kg3 Kf7 37. Kf2 Re5 38. Re3 Rf5+ 39. Kg3 Rf1 40. Re4 Rc1 41. Re3 Rf1 42. Nb5 g6 43. Nc3 Rf5 44. Nb5 Re5 45. Kf2 Bf5 46. a3 Be4 47. Nxa7 1-0

[Event "FIN-chT 1213"]
[Site "Finland"]
[Date "2012.09.28"]
[Round "1.7"]
[White "Myller, Janne"]
[Black "Nivala, Tuomas"]
[Result "0-1"]
[WhiteElo "2149"]
[BlackElo "2204"]
[PlyCount "54"]
[EventDate "2012.09.28"]
[EventType "team-tourn"]
[EventRounds "11"]
[EventCountry "FIN"]
[SourceTitle "CBM 150 Extra"]
[Source "ChessBase"]
[SourceDate "2012.10.19"]
[SourceVersion "1"]
[SourceVersionDate "2012.10.19"]
[SourceQuality "1"]
[WhiteTeam "Joensuu SK"]
[BlackTeam "Jyvaskyla JyS"]
[WhiteTeamCountry "FIN"]
[BlackTeamCountry "FIN"]

1. e4 Nf6 2. e5 Nd5 3. d4 d6 4. c4 Nb6 5. exd6 cxd6 6. Nc3 g6 7. Be3 Bg7 8. Rc1 0-0 9. b3 f5 10. Nh3 h6 11. c5 dxc5 12. dxc5 N6d7 13. Nf4 Ne5 14. Qxd8 Rxd8 15. Ncd5 Nbc6 16. Nc7 Rb8 17. Nce6 Bxe6 18. Nxe6 Rd7 19. f4 Ng4 20. Bd2 Bb2 21. Rc2 Bd4 22. Bc4 Kh7 23. Nxd4 Nxd4 24. Rb2 Rbd8 25. Bf1 e5 26. h3 Nf6 27. Ba5 Re8 0-1

[Event "FIN-chT 1112"]
[Site "Finland"]
[Date "2012.02.12"]
[Round "9.6"]
[White "Toivola, Jari"]
[Black "Myller, Janne"]
[Result "0-1"]
[WhiteElo "2224"]
[BlackElo "2124"]
[PlyCount "79"]
[EventDate "2011.09.17"]
[EventType "team-tourn"]
[EventRounds "11"]
[EventCountry "FIN"]
[SourceTitle "EXT 2013"]
[Source "ChessBase"]
[SourceDate "2012.11.22"]
[SourceVersion "1"]
[SourceVersionDate "2012.11.22"]
[SourceQuality "1"]
[WhiteTeam "Helsinki Aatos"]
[BlackTeam "Joensuu SK"]
[WhiteTeamCountry "FIN"]
[BlackTeamCountry "FIN"]

1. d4 Nf6 2. c4 e6 3. Nf3 d5 4. g3 Bb4+ 5. Bd2 Be7 6. Bg2 0-0 7. 0-0 c6 8. Qc2 Nbd7 9. cxd5 exd5 10. Nc3 Re8 11. a3 a5 12. Rfc1 g6 13. Ne1 Nb6 14. Nd3 Bf5 15. Bf4 Nh5 16. Bd2 Bf6 17. e3 Ng7 18. Bf1 Ne6 19. Na4 Bxd4 20. exd4 Nxd4 21. Qd1 Nxa4 22. Be3 Bxd3 23. Qxd3 Nf3+ 24. Kg2 d4 25. Bh6 Ne5 26. Qb3 Nb6 27. Rc5 Nbd7 28. Rcc1 Nf6 29. Rd1 a4 30. Qxb7 Qd5+ 31. Kg1 Nf3+ 32. Kh1 Ng4 33. Be3 Nd2+ 34. Bg2 Qh5 35. h3 dxe3 36. fxe3 Nf2+ 37. Kg1 Nxd1 38. g4 Qe5 39. Rxd1 Qxe3+ 40. Kh1 0-1

[Event "FIN-chT 1112"]
[Site "Finland"]
[Date "2011.11.20"]
[Round "6.6"]
[White "Myller, Janne"]
[Black "Makinen, Ilkka"]
[Result "1/2-1/2"]
[WhiteElo "2124"]
[BlackElo "2154"]
[PlyCount "82"]
[EventDate "2011.09.17"]
[EventType "team-tourn"]
[EventRounds "11"]
[EventCountry "FIN"]
[SourceTitle "EXT 2013"]
[Source "ChessBase"]
[SourceDate "2012.11.22"]
[SourceVersion "1"]
[SourceVersionDate "2012.11.22"]
[SourceQuality "1"]
[WhiteTeam "Joensuu SK"]
[BlackTeam "Helsinki HSK"]
[WhiteTeamCountry "FIN"]
[BlackTeamCountry "FIN"]

1. e4 g6 2. Nc3 Bg7 3. f4 c5 4. Nf3 Nc6 5. Bb5 Nd4 6. 0-0 e6 7. e5 f5 8. Bd3 a6 9. Nxd4 cxd4 10. Ne2 d6 11. exd6 Qxd6 12. b3 Ne7 13. Bb2 Nc6 14. g4 b5 15. Ng3 0-0 16. Qe2 Ra7 17. a4 b4 18. Rae1 Kh8 19. Bc4 Qc5 20. d3 Re7 21. Qf2 Qd6 22. gxf5 exf5 23. Rxe7 Nxe7 24. Re1 Ng8 25. Ne2 Rd8 26. Bxd4 Bb7 27. Bxg7+ Kxg7 28. Ng3 Nf6 29. h3 Re8 30. Rxe8 Nxe8 31. Kf1 Kh6 32. Nxf5+ gxf5 33. Qh4+ Kg7 34. Qg5+ Kf8 35. Qg8+ Ke7 36. Qxh7+ Kd8 37. Qxb7 Qxf4+ 38. Kg2 Qd2+ 39. Kf3 Qd1+ 40. Kf4 Qd2+ 41. Kf3 Qd1+ 1/2-1/2

[Event "FIN-chT 1112"]
[Site "Finland"]
[Date "2011.11.19"]
[Round "5.6"]
[White "Myller, Janne"]
[Black "Tuovinen, Jukka"]
[Result "1/2-1/2"]
[WhiteElo "2124"]
[BlackElo "2076"]
[PlyCount "99"]
[EventDate "2011.09.17"]
[EventType "team-tourn"]
[EventRounds "11"]
[EventCountry "FIN"]
[SourceTitle "EXT 2013"]
[Source "ChessBase"]
[SourceDate "2012.11.22"]
[SourceVersion "1"]
[SourceVersionDate "2012.11.22"]
[SourceQuality "1"]
[WhiteTeam "Joensuu SK"]
[BlackTeam "Helsinki SSK"]
[WhiteTeamCountry "FIN"]
[BlackTeamCountry "FIN"]

1. e4 e5 2. Nf3 Nc6 3. Bc4 Bc5 4. c3 Bb6 5. d4 Qe7 6. 0-0 d6 7. Qd3 h6 8. Nbd2 Nf6 9. Re1 a6 10. Bb3 0-0 11. Nf1 Bg4 12. d5 Nd8 13. h3 Bd7 14. Ng3 Nh7 15. Nh2 Qh4 16. Be3 Bxe3 17. Qxe3 f5 18. Nxf5 Bxf5 19. exf5 Rxf5 20. Bc2 Rf8 21. Nf3 Qh5 22. c4 Nf7 23. c5 Nhg5 24. Nd2 Qh4 25. cxd6 cxd6 26. Bf5 h5 27. g3 Qb4 28. Kg2 Nh6 29. Bg6 Nxh3 30. f3 Ng4 31. Qe2 Ngf2 32. Rf1 h4 33. Rxf2 Nxf2 34. Qxf2 hxg3 35. Qe2 Qf4 36. Rh1 Rf6 37. Be4 Rh6 38. Nf1 Rxh1 39. Kxh1 Kf7 40. Kg2 Rh8 41. Qe1 Rh5 42. Qc3 Qh4 43. Qc7+ Kg8 44. Qc8+ Kf7 45. Qe6+ Kf8 46. Qxd6+ Kg8 47. Qb8+ Kf7 48. Qxb7+ Kf8 49. Qc8+ Kf7 50. Qd7+ 1/2-1/2

[Event "FIN-chT 1011"]
[Site "Finland"]
[Date "2011.03.13"]
[Round "9.5"]
[White "Myller, Janne"]
[Black "Raisanen, Kim"]
[Result "0-1"]
[WhiteElo "2156"]
[BlackElo "2112"]
[PlyCount "66"]
[EventDate "2010.09.18"]
[EventType "team-tourn"]
[EventRounds "9"]
[EventCountry "FIN"]
[SourceTitle "EXT 2012"]
[Source "ChessBase"]
[SourceDate "2011.11.24"]
[SourceVersion "1"]
[SourceVersionDate "2011.11.24"]
[SourceQuality "1"]
[WhiteTeam "Joensuu SK"]
[BlackTeam "Mat SK II"]
[WhiteTeamCountry "FIN"]
[BlackTeamCountry "FIN"]

1. e4 c6 2. d4 d5 3. exd5 cxd5 4. Bd3 Nc6 5. c3 g6 6. Bf4 Bg7 7. Nd2 Nh6 8. Ngf3 0-0 9. 0-0 f6 10. Re1 Nf7 11. Bb5 Re8 12. Bg3 a6 13. Ba4 b5 14. Bc2 e5 15. a4 e4 16. axb5 Na7 17. Nxe4 dxe4 18. Bxe4 Rxe4 19. Rxe4 Bb7 20. Re3 axb5 21. Qe2 Bf8 22. Rxa7 Rxa7 23. Qxb5 Ra1+ 24. Re1 Ba6 25. Qc6 Rxe1+ 26. Nxe1 Qe7 27. Nf3 Bb7 28. Qb5 Qe4 29. h4 Nh6 30. Qf1 Nf5 31. Nd2 Nxg3 32. Qc4+ Qd5 33. fxg3 Bh6 0-1

[Event "FIN-chT 1011"]
[Site "Finland"]
[Date "2011.03.12"]
[Round "8.5"]
[White "Myller, Janne"]
[Black "Kivijarvi, Juha"]
[Result "1/2-1/2"]
[WhiteElo "2156"]
[BlackElo "2218"]
[PlyCount "92"]
[EventDate "2010.09.18"]
[EventType "team-tourn"]
[EventRounds "9"]
[EventCountry "FIN"]
[SourceTitle "EXT 2012"]
[Source "ChessBase"]
[SourceDate "2011.11.24"]
[SourceVersion "1"]
[SourceVersionDate "2011.11.24"]
[SourceQuality "1"]
[WhiteTeam "Joensuu SK"]
[BlackTeam "Sal SK"]
[WhiteTeamCountry "FIN"]
[BlackTeamCountry "FIN"]

1. d4 f5 2. g3 g6 3. Bg2 Bg7 4. Nf3 Nf6 5. 0-0 0-0 6. b3 Ne4 7. Bb2 c5 8. e3 d6 9. Qc1 cxd4 10. exd4 Nd7 11. d5 Ndf6 12. c4 b5 13. Nd4 bxc4 14. Nc6 Qc7 15. Qxc4 a5 16. Rc1 Nxf2 17. Qe2 N2e4 18. Nd2 Ba6 19. Qe1 Nc5 20. Rxc5 dxc5 21. Nc4 Bxc4 22. Qe6+ Kh8 23. bxc4 Qd6 24. Qxe7 Qxe7 25. Nxe7 Nd7 26. Bxg7+ Kxg7 27. d6 Ra6 28. Rd1 Rf6 29. Nc8 a4 30. Bb7 Ra5 31. Bc6 Ne5 32. Be8 Ra8 33. d7 Nc6 34. d8Q Nxd8 35. Rxd8 f4 36. Bb5 Rf7 37. gxf4 Rxf4 38. Rd7+ Rf7 39. Rxf7+ Kxf7 40. Nb6 Rd8 41. Bxa4 Rb8 42. Nd7 Rb1+ 43. Kg2 Rb2+ 44. Kg3 Rxa2 45. Nxc5 h5 46. Bc6 g5 1/2-1/2

[Event "FIN-chT 1011"]
[Site "Finland"]
[Date "2010.11.20"]
[Round "4.5"]
[White "Binham, Timothy F"]
[Black "Myller, Janne"]
[Result "1-0"]
[WhiteElo "2321"]
[BlackElo "2156"]
[PlyCount "105"]
[EventDate "2010.09.18"]
[EventType "team-tourn"]
[EventRounds "9"]
[EventCountry "FIN"]
[SourceTitle "EXT 2012"]
[Source "ChessBase"]
[SourceDate "2011.11.24"]
[SourceVersion "1"]
[SourceVersionDate "2011.11.24"]
[SourceQuality "1"]
[WhiteTeam "Helsinki SSK"]
[BlackTeam "Joensuu SK"]
[WhiteTeamCountry "FIN"]
[BlackTeamCountry "FIN"]

1. e4 c5 2. Nf3 d6 3. Bb5+ Bd7 4. a4 Nc6 5. 0-0 Nf6 6. Re1 a6 7. Bf1 g6 8. c3 Bg7 9. d4 cxd4 10. cxd4 d5 11. e5 Ne4 12. Nc3 Bf5 13. Qb3 e6 14. h3 h5 15. Be3 Na5 16. Qd1 Nxc3 17. bxc3 Rc8 18. Rc1 Bf8 19. Bg5 Be7 20. Bxe7 Qxe7 21. Nd2 h4 22. Qf3 Qa3 23. Qf4 Kd7 24. c4 dxc4 25. Nxc4 Nxc4 26. Bxc4 Qxa4 27. d5 exd5 28. Qd2 Ke8 29. e6 dxc4 30. exf7+ Kxf7 31. Qd5+ Kg7 32. Re7+ Kh6 33. Qd2+ g5 34. f4 Qa3 35. Re5 Rhf8 36. Rf1 Qd3 37. fxg5+ Kg6 38. Qb2 c3 39. Qb6+ Kxg5 40. Rf3 Qd2 41. g4 Qd1+ 42. Kg2 Qd2+ 43. Rf2 Qd3 44. Rexf5+ Rxf5 45. Rxf5+ Qxf5 46. gxf5 c2 47. Qg6+ Kf4 48. Qd6+ Kg5 49. Qe7+ Kf4 50. Qxh4+ Ke3 51. Qe7+ Kf4 52. Qd6+ Kg5 53. Qd2+ 1-0

[Event "FIN-chT 1011"]
[Site "Finland"]
[Date "2010.09.18"]
[Round "1.4"]
[White "Mertanen, Janne"]
[Black "Myller, Janne"]
[Result "1-0"]
[WhiteElo "2280"]
[BlackElo "2156"]
[PlyCount "67"]
[EventDate "2010.09.18"]
[EventType "team-tourn"]
[EventRounds "9"]
[EventCountry "FIN"]
[SourceTitle "EXT 2012"]
[Source "ChessBase"]
[SourceDate "2011.11.24"]
[SourceVersion "1"]
[SourceVersionDate "2011.11.24"]
[SourceQuality "1"]
[WhiteTeam "Tammer Shakki"]
[BlackTeam "Joensuu SK"]
[WhiteTeamCountry "FIN"]
[BlackTeamCountry "FIN"]

1. d4 e6 2. c4 Nf6 3. Nc3 Bb4 4. e3 d5 5. cxd5 exd5 6. Nge2 0-0 7. g3 c6 8. Bg2 Bf5 9. 0-0 Qd7 10. f3 Re8 11. g4 Bg6 12. Nf4 Bd6 13. h4 Bxf4 14. exf4 h6 15. f5 Bxf5 16. gxf5 Qxf5 17. Qd2 Nh5 18. Qf2 Na6 19. a3 Nc7 20. Kh2 Ne6 21. f4 Nf6 22. Bh3 Ng4+ 23. Bxg4 Qxg4 24. Be3 Qf5 25. Ne2 Nf8 26. Ng3 Qg4 27. h5 Nh7 28. Qf3 Nf6 29. Kg2 Qd7 30. Rae1 Ne4 31. f5 f6 32. Qg4 Ng5 33. Bxg5 hxg5 34. Re6 1-0

[Event "FIN-chT 0809"]
[Site "Finland"]
[Date "2009.03.15"]
[Round "9.4"]
[White "Myller, Janne"]
[Black "Binham, Timothy F"]
[Result "1/2-1/2"]
[WhiteElo "2146"]
[BlackElo "2318"]
[PlyCount "44"]
[EventDate "2008.09.06"]
[EventType "team-tourn"]
[EventRounds "9"]
[EventCountry "FIN"]
[SourceTitle "EXT 2022"]
[Source "ChessBase"]
[SourceDate "2021.10.06"]
[SourceVersion "1"]
[SourceVersionDate "2021.10.06"]
[SourceQuality "1"]
[WhiteTeam "Joensuu SK"]
[BlackTeam "Helsinki HSK"]
[WhiteTeamCountry "FIN"]
[BlackTeamCountry "FIN"]

1. d4 Nf6 2. c4 c5 3. d5 b5 4. Nd2 bxc4 5. e4 g6 6. Bxc4 d6 7. f4 Bg7 8. Ngf3 0-0 9. 0-0 Nbd7 10. Qc2 Nb6 11. Bd3 Bb7 12. a4 a5 13. Nc4 Nxc4 14. Bxc4 Nd7 15. Rb1 Nb6 16. b3 Qc7 17. Bd2 e6 18. dxe6 Nxc4 19. exf7+ Rxf7 20. Qxc4 Ba6 21. Qd5 Bb7 22. Qc4 Ba6 1/2-1/2

[Event "FIN-chT 0809"]
[Site "Finland"]
[Date "2008.10.04"]
[Round "3.6"]
[White "Myller, Janne"]
[Black "Penttinen, Jarkko"]
[Result "1/2-1/2"]
[WhiteElo "2146"]
[BlackElo "2322"]
[PlyCount "115"]
[EventDate "2008.09.06"]
[EventType "team-tourn"]
[EventRounds "9"]
[EventCountry "FIN"]
[SourceTitle "EXT 2022"]
[Source "ChessBase"]
[SourceDate "2021.10.06"]
[SourceVersion "1"]
[SourceVersionDate "2021.10.06"]
[SourceQuality "1"]
[WhiteTeam "Joensuu SK"]
[BlackTeam "Tampere Tammer"]
[WhiteTeamCountry "FIN"]
[BlackTeamCountry "FIN"]

1. d4 d5 2. c4 e6 3. Nf3 c6 4. Bg5 Nf6 5. e3 Qa5+ 6. Nbd2 Ne4 7. Bf4 Nd7 8. a3 Nxd2 9. Qxd2 Qxd2+ 10. Nxd2 Be7 11. Bd3 0-0 12. 0-0 Re8 13. Rfc1 Bf6 14. cxd5 exd5 15. b4 a5 16. Nb3 a4 17. Nd2 Nf8 18. Rab1 Be7 19. Bc7 Bd7 20. Bb6 Ne6 21. Nf3 Rec8 22. Rc3 f6 23. Ne1 g6 24. Rbc1 Re8 25. Be2 Bd6 26. g3 Kf7 27. Nd3 Nc7 28. Nb2 Nb5 29. Bxb5 cxb5 30. Bc7 Bf8 31. Nd3 Rec8 32. h4 h6 33. Nf4 Bc6 34. Bb6 Re8 35. Bc5 Bg7 36. g4 g5 37. hxg5 hxg5 38. Nh5 Re6 39. Ng3 Ra6 40. Nf5 Bd7 41. f3 Rec6 42. Ne7 Rxc5 43. Rxc5 Kxe7 44. Rxd5 Rd6 45. Rdc5 Bc6 46. Kf2 Bf8 47. R5c3 Ke6 48. Rd1 Bd5 49. Rc8 Be7 50. Rc3 Rc6 51. Rdc1 Rxc3 52. Rxc3 Bc4 53. Rc2 Kd5 54. Rc3 Bd6 55. Rc1 Ke6 56. Rg1 Kd5 57. Rc1 Ke6 58. Rg1 1/2-1/2